Normal view
MARC view
- JOINT SYMPOSIUM ON PREVENTION AND CONTROL OF FIRES IN SHIPS
Entry Meeting Name
001 - CONTROL NUMBER
- control field: 603
003 - CONTROL NUMBER IDENTIFIER
- control field: CBULib
005 - DATE AND TIME OF LATEST TRANSACTION
- control field: 20230817103218.0
008 - FIXED-LENGTH DATA ELEMENTS
- fixed length control field: 230817|| aca||aabn | a|a d
040 ## - CATALOGING SOURCE
- Original cataloging agency: CBULib
111 ## - HEADING--MEETING NAME
- Meeting name or jurisdiction name as entry element: JOINT SYMPOSIUM ON PREVENTION AND CONTROL OF FIRES IN SHIPS